Egypt, Greece and Rome : civilizations of the ancient Mediterranean

Αποθηκεύτηκε σε:
Λεπτομέρειες βιβλιογραφικής εγγραφής
Κύριος συγγραφέας: Freeman, Charles 1947-
Μορφή: Βιβλίο
Γλώσσα:English
Δημοσίευση: Oxford : Oxford University Press, c1996
Θέματα:
Ετικέτες: Προσθήκη ετικέτας
Δεν υπάρχουν, Καταχωρήστε ετικέτα πρώτοι!

MARC

LEADER 00000nam a2200000 i 4500
001 1/76183
008 990401s1996 eng d
020 |a 0-19-815003-2 
035 |l 10049533 
040 |a GR-MY-UA  |b gre  |e aacr 
041 0 |a eng 
082 0 |a 909.09822 
100 1 |a Freeman, Charles  |d 1947- 
245 1 0 |a Egypt, Greece and Rome :  |b civilizations of the ancient Mediterranean /  |c Charles Freeman 
260 |a Oxford :   |b Oxford University Press,   |c c1996 
300 |a 638 p.  |b ill. 
504 |a Includes bibliographical references and index 
651 0 |a Mediterranean Region  |x Civilization. 
852 |a INST  |b LESVOS  |e 19990401  |h 909.09822 FRE  |p 005100016652  |q 005100016652  |t BK  |y 0 
901 |a BIBL-1999-1 
909 |a Λ  |b 061930 
922 |a 1ΕΛΗ  |b 199812  |c ΚΠΣ/ΤΓ  |d ΠΑΠΑΣΩΤΗΡΙΟΥ 
950 |a 118-1998-07-18